000 02244nam0a2200373 4500
001 RU\NLR\BIBL_A\011400176
005 20241103102244.0
010 _a9785947602340
_9500
021 _aRU
_b2017-35614
_92610
035 _a(RuMoRGB)008885260
035 _a(NLR Aleph) 011400176
090 _a11503295
_c11503295
100 _a20170606d2017 k y0rusy50 ca
101 0 _arus
102 _aRU
105 _aac z 100zy
200 1 _aИнновационные материалы и технологии в дизайне
_eIII Всероссийская научно-техническая конференция с участием молодых ученых, 23, 24 марта 2017 г.
_eтезисы докладов
_f[редакционная коллегия: д-р техн. наук, проф. Бабкин О. Э. (отв. ред.) и др.]
210 _aСанкт-Петербург
_cСПбГИКиТ
_d2017
215 _a136 с.
_cил., цв. портр.
_d29
300 _aВ надзаг.: С.-Петерб. гос. ин-т кино и телевидения, Белгород. гос. технол. ун-т им. В.Г. Шухова, С.-Петерб. гос. технол. ин-т (Техн. ун-т) [и др.]
320 _aБиблиогр. в конце ст.
606 _aХудожественное конструирование
_jСъезды, совещания и т.п
_91086244
_3RU\NLR\AUTH\66106392
606 _aМатериаловедение
_jСъезды, совещания и т.п
_91112107
_3RU\NLR\AUTH\66119709
686 _aЖ3я431(2)
_2rubbk
686 _aЖ6я431(2)
_2rubbk
686 1 _aЩ129.05я431
686 1 _aЖ3я431(2)
702 1 _aБабкин
_bО. Э.
_gОлег Эдуардович
_4340
711 1 2 _a"Инновационные материалы и технологии в дизайне", всероссийская научно-техническая конференция с участием молодых ученых
_d3
_eСанкт-Петербург
_f2017
_9559619
_3RU\NLR\AUTH\880448021
942 _cBOOK
980 _aNBR